Generator Puzzle #47 - Statistics

General Stats
  • This quiz has been taken 606 times
  • The average score is 13 of 21
Answer Stats
Hint Answer % Correct
Parisian museum Louvre
90%
Multiply by two Double
88%
African virus Ebola
87%
Large rock Boulder
86%
Noisy Loud
83%
More mature Older
79%
UK political party Labour
77%
Bit of grass; sharp edge Blade
74%
Communion offering Bread
60%
"Humble" residence Abode
59%
Eat ravenously Devour
59%
Well done! Congrats! Bravo
58%
Gloomy colour? Blue
52%
Shakespeare; The ____ Bard
50%
-ly word, usually Adverb
49%
Put a price on Value
46%
100 kopeks Ruble
45%
Long lasting, tough Durable
43%
9-Letter Word BOULEVARD
41%
TV show 24's Jack Bauer
40%
Texas border city Laredo
23%
No matching quizzes found
Score Distribution
Percent of People with Each Score
Percentile by Number Answered
Your Score History
You have not taken this quiz